00382nam a2200169Ia 4500008004100000020001800041041000800059082001300067100001300080245003300093250001200126260003100138300000900169500000900178650001200187700001300199230125s9999 xx 000 0 und d a81-7274-611-3 aeng a050bJAI aJain N K aHandbook of VISA Information a1st Ed. c2007bNabhi PubaNew Delhi a991p aVISA aGeneral aJain N K